000 00301nam a2200133Ia 4500
100 _aPeatfield/A.E
942 _cBK
654 _aEngineering T.Y.S
245 _aMechanical Engineering T.Y.S
260 _bEnglish Universities
_aLondon
_c1967
082 _a670.4
300 _a185
546 _aENGLISH
999 _c27712
_d27712